| 000 | 00707nam a2200205 a 4500 | ||
|---|---|---|---|
| 001 | 000036370 | ||
| 005 | 20200930075708.0 | ||
| 008 | 120116s1986 sp 001 0 spa d | ||
| 020 | _a8470210629 | ||
| 040 |
_aDO-SdBNP _bspa _cBNPHU |
||
| 082 |
_axxxx _bW124c |
||
| 100 | 1 |
_aWadsworth, Thomas G. _962559 |
|
| 240 | 1 | 0 |
_aThe elbow _lEspañol |
| 245 | 1 | 3 |
_aEl codo. / _cThomas G. Wadsworth ; prólogo de S. Benjamin Fowler ; Mario A. Marino, traducción supervisada por José E. Cambiaggi Almada, Dante Pawlow. |
| 260 |
_aBarcelona : _bEl Ateneo, _c1986. |
||
| 300 |
_a343 p. : _bil., retrs. ; _c24 cm. |
||
| 500 | _aIncluye índice | ||
| 500 | _aTraducido del inglés | ||
| 504 | _aBibliografía : p.332-335 | ||
| 999 |
_c35861 _d35861 |
||